Statystyki dla Jak inaczej mówi się (lub mówiło), że kobieta jest w ciąży.

Kliknij tutaj aby rozwiązać quiz!

Ogólne statystyki

  • Ten quiz został rozwiązany 39 razy
  • Średni wynik to 2 z 6

Statystyki odpowiedzi

Odpowiedź% Poprawnych
Ciężarna
65%
Brzemienna
47%
W stanie błogosławionym
47%
Przy nadziei
26%
Spodziewa się dziecka
9%
W stanie odmiennym
0%

Rozkład punktacji

Percentyl według liczby udzielonych odpowiedzi

Procent ludzi z każdym wynikiem

Twoja historia wyników

Nie rozwiązałeś tego quizu